[Event "SLO-chT1 West"]
[Site "Ljubljana"]
[Date "2014.10.11"]
[Round "5"]
[White "Suc, Timothy"]
[Black "Ofak, Marko"]
[Result "1/2-1/2"]
[WhiteElo "2117"]
[BlackElo "2030"]
[PlyCount "103"]
[EventDate "2014.10.03"]
[EventType "team-tourn"]
[EventRounds "9"]
[EventCountry "SLO"]
[SourceTitle "EXT 2019"]
[Source "ChessBase"]
[SourceDate "2018.10.10"]
[SourceVersion "1"]
[SourceVersionDate "2018.10.10"]
[SourceQuality "1"]
[WhiteTeam "Piran"]
[BlackTeam "Kocevje"]
[WhiteTeamCountry "SLO"]
[BlackTeamCountry "SLO"]

1. e4 e5 2. Nc3 Nf6 3. g3 d5 4. exd5 Nxd5 5. Bg2 Nxc3 6. bxc3 Bd6 7. Nf3 0-0 8. 0-0 Nc6 9. Rb1 Rb8 10. d4 Bg4 11. h3 Bh5 12. Re1 Re8 13. g4 Bg6 14. Bg5 Qc8 15. Nh4 exd4 16. Rxe8+ Qxe8 17. Nxg6 hxg6 18. cxd4 Na5 19. c3 b6 20. Bd5 c6 21. Bg2 Qe6 22. Rb2 Re8 23. Bf3 Qc4 24. Re2 Rxe2 25. Qxe2 Qxe2 26. Bxe2 Kf8 27. Bd3 Ke8 28. Kf1 Kd7 29. Ke2 Ke6 30. Be4 Be7 31. Bc1 Kd7 32. Kd3 Nb7 33. c4 Bb4 34. Bf4 Bd6 35. Bd2 Ba3 36. Bf4 Bd6 37. Bc1 Bb4 38. Bb2 Nd6 39. Bg2 Ne8 40. d5 cxd5 41. Bxd5 Ke7 42. f4 Bd6 43. Ke3 Bc5+ 44. Kf3 f6 45. g5 Nd6 46. Bc3 Ba3 47. Bd4 Nf5 48. Bc3 Bc5 49. Be4 Ke6 50. Bd5+ Ke7 51. Be4 Ke6 52. Bd5+ 1/2-1/2

[Event "SLO-chT1 West"]
[Site "Ljubljana"]
[Date "2013.10.20"]
[Round "6"]
[White "Ofak, Marko"]
[Black "Borstnik, Ales"]
[Result "0-1"]
[WhiteElo "2040"]
[BlackElo "1737"]
[PlyCount "56"]
[EventDate "2013.09.27"]
[EventType "team-tourn"]
[EventRounds "9"]
[EventCountry "SLO"]
[SourceTitle "EXT 2019"]
[Source "ChessBase"]
[SourceDate "2018.10.10"]
[SourceVersion "1"]
[SourceVersionDate "2018.10.10"]
[SourceQuality "1"]
[WhiteTeam "Kocevje"]
[BlackTeam "Podpec SD"]
[WhiteTeamCountry "SLO"]
[BlackTeamCountry "SLO"]

1. d4 Nf6 2. Nf3 g6 3. c4 Bg7 4. Nc3 0-0 5. Bf4 d6 6. h3 a6 7. e3 Re8 8. Be2 Nbd7 9. 0-0 e6 10. b4 b6 11. a4 a5 12. b5 Bb7 13. Qc2 e5 14. Bh2 exd4 15. exd4 Ne4 16. Rfe1 Ng5 17. Qd3 Bxf3 18. Bxf3 Nxf3+ 19. gxf3 Qh4 20. Re4 Qxh3 21. Rxe8+ Rxe8 22. Nd5 Nc5 23. Qd2 Ne6 24. Re1 Qxf3 25. Nf4 Rf8 26. d5 Ng5 27. Bg3 Qxg3+ 28. fxg3 Nf3+ 0-1

[Event "SLO-chT1 West"]
[Site "Ljubljana"]
[Date "2013.10.19"]
[Round "5"]
[White "Bratko, Ivan"]
[Black "Ofak, Marko"]
[Result "1/2-1/2"]
[WhiteElo "2201"]
[BlackElo "2040"]
[PlyCount "39"]
[EventDate "2013.09.27"]
[EventType "team-tourn"]
[EventRounds "9"]
[EventCountry "SLO"]
[SourceTitle "EXT 2019"]
[Source "ChessBase"]
[SourceDate "2018.10.10"]
[SourceVersion "1"]
[SourceVersionDate "2018.10.10"]
[SourceQuality "1"]
[WhiteTeam "Domzale"]
[BlackTeam "Kocevje"]
[WhiteTeamCountry "SLO"]
[BlackTeamCountry "SLO"]

1. Nf3 Nf6 2. g3 d5 3. Bg2 c6 4. 0-0 Bg4 5. h3 Bh5 6. d3 Nbd7 7. Nbd2 Qc7 8. e4 dxe4 9. dxe4 e5 10. Qe2 Bc5 11. c3 a5 12. g4 Bg6 13. Nh4 0-0 14. Nf5 Rfe8 15. Kh1 Nf8 16. Nb3 Bb6 17. Bg5 Ne6 18. Nh6+ Kh8 19. Bxf6 gxf6 20. h4 1/2-1/2

[Event "SLO-chT1 West"]
[Site "Ljubljana"]
[Date "2013.09.27"]
[Round "1"]
[White "Ofak, Marko"]
[Black "Petek, Peter"]
[Result "1/2-1/2"]
[WhiteElo "2040"]
[BlackElo "2176"]
[PlyCount "52"]
[EventDate "2013.09.27"]
[EventType "team-tourn"]
[EventRounds "9"]
[EventCountry "SLO"]
[SourceTitle "EXT 2019"]
[Source "ChessBase"]
[SourceDate "2018.10.10"]
[SourceVersion "1"]
[SourceVersionDate "2018.10.10"]
[SourceQuality "1"]
[WhiteTeam "Kocevje"]
[BlackTeam "Gorenjka Lesce"]
[WhiteTeamCountry "SLO"]
[BlackTeamCountry "SLO"]

1. d4 d5 2. Nf3 Nf6 3. c4 dxc4 4. e3 e6 5. Bxc4 Be7 6. 0-0 0-0 7. a3 c5 8. dxc5 Bxc5 9. b4 Qxd1 10. Rxd1 Bb6 11. Bb2 Nc6 12. Nc3 Rd8 13. Rxd8+ Bxd8 14. Rd1 Be7 15. Nb5 b6 16. Nd6 Bxd6 17. Rxd6 Bb7 18. Bxf6 gxf6 19. Rd7 Nd8 20. Nd4 a6 21. f3 Kf8 22. Kf2 Ke8 23. Rc7 Rc8 24. Rxc8 Bxc8 25. e4 Ke7 26. Ke3 Kd6 1/2-1/2

[Event "SLO-chT2 West"]
[Site "Slovenia"]
[Date "2010.11.05"]
[Round "1.3"]
[White "Piskur, Mitja"]
[Black "Ofak, Marko"]
[Result "1-0"]
[WhiteElo "2292"]
[BlackElo "2042"]
[PlyCount "59"]
[EventDate "2010.11.05"]
[EventType "team-tourn"]
[EventRounds "9"]
[EventCountry "SLO"]
[SourceTitle "EXT 2022"]
[Source "ChessBase"]
[SourceDate "2021.10.06"]
[SourceVersion "1"]
[SourceVersionDate "2021.10.06"]
[SourceQuality "1"]

1. d3 g6 2. e4 Bg7 3. Nf3 c5 4. g3 Nc6 5. Bg2 d6 6. 0-0 e5 7. Nc3 Nge7 8. Nd2 0-0 9. Nc4 Be6 10. a4 h6 11. Nd5 f5 12. a5 Rb8 13. c3 Qd7 14. f4 Kh7 15. Nce3 Rbe8 16. Qa4 fxe4 17. dxe4 Bh3 18. f5 Bxg2 19. Kxg2 Bf6 20. fxg6+ Kxg6 21. Rxf6+ Rxf6 22. Nxf6 Kxf6 23. Qd1 Kg6 24. Bd2 Rf8 25. Qg4+ Qxg4 26. Nxg4 b5 27. Ne3 Nd8 28. a6 b4 29. cxb4 Nf7 30. Nc4 1-0

[Event "SLO-chT3 West"]
[Site "Kocevje"]
[Date "2009.11.15"]
[Round "5"]
[White "Ofak, Marko"]
[Black "Brank, Bine"]
[Result "1/2-1/2"]
[WhiteElo "2042"]
[BlackElo "1719"]
[PlyCount "27"]
[EventDate "2009.11.13"]
[EventType "swiss"]
[EventRounds "5"]
[EventCountry "SLO"]
[SourceTitle "EXT 2022"]
[Source "ChessBase"]
[SourceDate "2021.10.06"]
[SourceVersion "1"]
[SourceVersionDate "2021.10.06"]
[SourceQuality "1"]

1. d4 Nf6 2. Nf3 e6 3. Bg5 b6 4. e3 Bb7 5. Bd3 Be7 6. Nbd2 0-0 7. 0-0 d5 8. c3 Nbd7 9. Qe2 Rc8 10. e4 dxe4 11. Nxe4 Nxe4 12. Bxe7 Qxe7 13. Bxe4 Bxe4 14. Qxe4 1/2-1/2

[Event "SLO-chT West"]
[Site "Bled"]
[Date "2004.11.05"]
[Round "1"]
[White "Kodric, Martin"]
[Black "Ofak, Marko"]
[Result "1-0"]
[WhiteElo "2259"]
[BlackElo "2071"]
[PlyCount "69"]
[EventDate "2004.11.05"]
[EventType "team"]
[EventRounds "9"]
[EventCountry "SLO"]
[SourceTitle "EXT 2009"]
[Source "ChessBase"]
[SourceDate "2008.11.26"]
[SourceVersion "1"]
[SourceVersionDate "2008.11.26"]
[SourceQuality "1"]

1. e4 e6 2. d4 d5 3. exd5 exd5 4. Nf3 Bd6 5. c4 Qe7+ 6. Be2 dxc4 7. 0-0 Nf6 8. Bxc4 0-0 9. Re1 Qd8 10. Bg5 Bg4 11. h3 Bxf3 12. Qxf3 c6 13. Bxf6 Qxf6 14. Qxf6 gxf6 15. Nc3 Nd7 16. Ne4 Bc7 17. Rad1 Rad8 18. Bb3 Kg7 19. Kf1 Rfe8 20. d5 cxd5 21. Bxd5 Ne5 22. Ng3 Nc6 23. Rxe8 Rxe8 24. Bxc6 bxc6 25. Nf5+ Kg6 26. Rd7 Bb6 27. Ne7+ Kg7 28. g4 c5 29. b3 h5 30. gxh5 Kh6 31. Nd5 Rd8 32. Nxf6 Rxd7 33. Nxd7 Kxh5 34. Kg2 Kg5 35. Nxb6 1-0

[Event "SLO-chT2W"]
[Site "Bled"]
[Date "2003.11.15"]
[Round "7"]
[White "Ofak, Marko"]
[Black "Nikolic, Stanko"]
[Result "1-0"]
[WhiteElo "2129"]
[BlackElo "2060"]
[PlyCount "101"]
[EventDate "2003.11.07"]
[EventType "team"]
[EventRounds "8"]
[EventCountry "SLO"]
[SourceTitle "EXT 2005"]
[Source "ChessBase"]
[SourceDate "2004.11.15"]
[SourceVersion "1"]
[SourceVersionDate "2004.11.15"]
[SourceQuality "1"]

1. d4 d5 2. c4 c6 3. Nc3 Nf6 4. Nf3 e6 5. Bg5 Be7 6. e3 Nbd7 7. cxd5 exd5 8. Bd3 0-0 9. Qc2 Re8 10. 0-0 h6 11. Bxf6 Bxf6 12. b4 a6 13. a4 Nf8 14. Rab1 b5 15. Nd2 Bd7 16. Nb3 Be7 17. Nc5 Bxc5 18. bxc5 Qg5 19. f4 Qf6 20. Qd2 Re7 21. axb5 axb5 22. Na2 Rae8 23. Rbe1 Ne6 24. Bc2 Ra8 25. Nb4 Be8 26. Nd3 Rea7 27. Bb1 Ra1 28. Ne5 Nf8 29. Bh7+ Nxh7 30. Rxa1 Rc8 31. Ra7 Qh4 32. Rfa1 Nf6 33. Qe1 Qh5 34. Ra8 Qf5 35. Rxc8 Qxc8 36. Ra7 Qf5 37. Ra8 Kh7 38. h3 h5 39. Qd1 g6 40. Qd3 Qe6 41. Qa3 Qf5 42. Qa7 Kg7 43. Qe7 Qb1+ 44. Kh2 Qe4 45. Rxe8 Nxe8 46. Qxf7+ Kh6 47. Qxe8 Kh7 48. Qf7+ Kh6 49. Qf8+ Kh7 50. Nf7 g5 51. Nxg5+ 1-0

[Event "SLO-chT2W"]
[Site "Bled"]
[Date "2003.11.08"]
[Round "3"]
[White "Ofak, Marko"]
[Black "Markun, Bostjan"]
[Result "1/2-1/2"]
[WhiteElo "2129"]
[BlackElo "2266"]
[PlyCount "74"]
[EventDate "2003.11.07"]
[EventType "team"]
[EventRounds "8"]
[EventCountry "SLO"]
[SourceTitle "EXT 2005"]
[Source "ChessBase"]
[SourceDate "2004.11.15"]
[SourceVersion "1"]
[SourceVersionDate "2004.11.15"]
[SourceQuality "1"]

1. d4 Nf6 2. c4 g6 3. Nc3 Bg7 4. Nf3 0-0 5. Bg5 d6 6. e3 Nbd7 7. Be2 c6 8. Qc2 h6 9. Bh4 e5 10. 0-0 g5 11. Bg3 Nh5 12. dxe5 Nxg3 13. hxg3 dxe5 14. Rfd1 Qe7 15. Rab1 f5 16. b4 e4 17. Nd4 Qe5 18. g4 Nf6 19. Nxf5 Bxf5 20. gxf5 Qxf5 21. Rf1 Qe5 22. Rbd1 Rae8 23. c5 Kh8 24. Rd6 Re7 25. Nb1 Nd5 26. a3 Ref7 27. Bc4 Rf6 28. Rd7 Nxe3 29. fxe3 Rxf1+ 30. Bxf1 Rxf1+ 31. Kxf1 Qf5+ 32. Ke1 Qxd7 33. Qxe4 Qf7 34. Qd3 Be5 35. Nd2 Kg7 36. Nf3 Bf6 37. Nd4 Bxd4 1/2-1/2